000
00322nam a22001337a 4500
020
_a
0-304-30930-3
082
_a
621 THO'M
100
_a
THOMAS, A
_9
76730
245
_a
MECHANICAL ENGINEERING CRAFT STUDIES
260
_a
LONDON
_b
CASSELL
_c
1983
300
_a
308P
650
_a
MECHANICAL ENGINEERING
_9
8386
942
_c
BK
999
_c
582070
_d
582070